000 00767nam a2200265Ia 4500
003 OSt
005 20220918171027.0
006 a|||||r|||| 00| 0
007 ta
008 220917b |||||||| |||| 00| 0 eng d
020 _a9781137611444 (pbk)
_cEURO 29.99
024 _a349,060
037 _b9038, 14/03/2019, The Book Seller
_cTextual
040 _aARTS
_cARTS
_beng
041 _2eng
_aeng
082 _aW:2.3, Q7
100 _aHeywood Andrew Au.
_933280
245 0 _aEssentials of UK politics
250 _a4th
260 _aNew York
_bPalgrave USA
_c2017
300 _axxi,340p.
_ccm.
650 _aPOLITICAL SCIENCE
942 _hW:2.3, Q7
_cTEXL
_2CC
999 _c137374
_d137374